00656cam a22002171 4500001001300000003000400013005001700017008004100034010001700075025001900092040001800111043001200129050001900141110004800160245007500208260001900283300004500302500001700347650005700364999001700421sa 68001175 DLC20260227112431.0710903s1961 ii ab s 000 0 eng  asa 68001175  aPL480:I-E-8890 aDLCcDLCdDLC aa-ii---00aHD3540.A3bR351 aRajasthan, India.bCo-operative Department.10aCo-operative statistics, Rajasthan.b[10 years of progress, 1951-1960. aJaipur,c1961] a[a]-c, iii, 96 p.billus., maps.c21 cm. aCover title. 0aCooperative societieszIndiazRajasthanxStatistics. c77771d77771